000 00322nam a2200121Ia 4500
008 240731s9999 xx 000 0 und d
022 _a2472-1832
245 4 _aThe International Journal of Aerospace Psychology
260 _bRoutledge
856 _uhttps://www.tandfonline.com/loi/hiap21
942 _2ddc
942 _cTFEJ
999 _c79937
_d79937
945 _a1
_bMadushi Gamage
_c1
_dMadushi Gamage